| 000 | 00465nam a2200181Ia 4500 | ||
|---|---|---|---|
| 008 | 240925s9999 xx 000 0 und d | ||
| 020 | _a8121930553 | ||
| 082 | _a621.3 GUP | ||
| 100 | _aGupta, B. R. | ||
| 245 | 0 | _aNetwork Analysis and Synthesis | |
| 250 | _a3rd | ||
| 260 |
_aNew Delhi: _bS Chand + co _c,2009. |
||
| 300 |
_axxvii,537p. _bN.A _fOriginal |
||
| 500 | _aIncludes Index | ||
| 600 | _aElectronic Engineering | ||
| 650 | _aTechnology | ||
| 942 | _cBK | ||
| 999 |
_c11173 _d11173 |
||